[Event "FISU World University"]
[Site "Tornelo INT"]
[Date "2020.10.26"]
[Round "1.17"]
[White "Terbe, Zsuzsanna"]
[Black "Loaiza, Yurani"]
[Result "1-0"]
[WhiteElo "2198"]
[BlackElo "1942"]
[PlyCount "93"]
[EventDate "2020.10.26"]
[EventType "team-swiss (rapid)"]
[EventRounds "9"]
[EventCountry "NET"]
[SourceTitle "CBM 199 Extra"]
[Source "ChessBase"]
[SourceDate "2021.01.31"]
[SourceVersion "1"]
[SourceVersionDate "2021.01.31"]
[SourceQuality "1"]
[WhiteTeam "Hungary"]
[BlackTeam "Colombia IV"]
[WhiteTeamCountry "HUN"]
[BlackTeamCountry "COL"]

1. d4 d5 2. Nf3 Nf6 3. Bf4 Bf5 4. c4 c6 5. Qb3 Qb6 6. c5 Qxb3 7. axb3 Nbd7 8. b4 e6 9. Nc3 Be7 10. h3 0-0 11. b5 cxb5 12. Nxb5 a6 13. Nd6 Bxd6 14. Bxd6 Rfe8 15. e3 Ne4 16. Bh2 Rac8 17. Be2 Nb8 18. 0-0 Nc6 19. Nh4 Bg6 20. Nxg6 hxg6 21. f3 Nf6 22. b4 e5 23. dxe5 Nxe5 24. Rfc1 Nc6 25. b5 axb5 26. Kf2 b4 27. Bb5 Ra8 28. Bd6 Ra3 29. Rab1 Ra2+ 30. Kg3 Rxe3 31. Bxc6 bxc6 32. Rxb4 Ree2 33. Rg1 Reb2 34. Rxb2 Rxb2 35. Ra1 Ne8 36. Ra8 Re2 37. Rc8 d4 38. f4 d3 39. Be5 Kf8 40. Rd8 f6 41. Bc3 Re3+ 42. Kf2 Re2+ 43. Kf3 Rc2 44. Rxd3 Nc7 45. Be1 Nd5 46. Bf2 Nxf4 47. Rd6 1-0

[Event "COL-ch sf1"]
[Site "Medellin"]
[Date "2019.04.18"]
[Round "4"]
[White "Loaiza, Yurani"]
[Black "Pardo, Alejandro"]
[Result "0-1"]
[WhiteElo "1987"]
[BlackElo "2140"]
[PlyCount "112"]
[EventDate "2019.04.16"]
[EventType "swiss"]
[EventRounds "10"]
[EventCountry "COL"]
[SourceTitle "CBM 190 Extra"]
[Source "ChessBase"]
[SourceDate "2019.07.15"]
[SourceVersion "1"]
[SourceVersionDate "2019.07.15"]
[SourceQuality "1"]

1. e4 c5 2. Nf3 e6 3. d4 cxd4 4. Nxd4 Nf6 5. Bd3 Nc6 6. Nxc6 bxc6 7. 0-0 d5 8. Nd2 a5 9. Qe2 Qb6 10. b3 Ba6 11. c4 Be7 12. Bb2 0-0 13. Kh1 a4 14. Rab1 axb3 15. axb3 d4 16. e5 Nd7 17. Qe4 g6 18. Bxd4 c5 19. Bc3 Bb7 20. Qf4 Qc7 21. Qg3 Rfd8 22. Ne4 Nb8 23. Qe3 Bxe4 24. Bxe4 Ra3 25. f4 Nc6 26. Bb2 Ra2 27. g4 Bf8 28. Bg2 Nb4 29. Be4 Qe7 30. f5 Qh4 31. fxg6 hxg6 32. Qf3 Qh7 33. Rf2 Be7 34. Rbf1 Bh4 35. Rg2 Bg5 36. Bb1 Ra7 37. Bc1 Bxc1 38. Rxc1 Ra1 39. Rf1 Rd7 40. Rgf2 Qg7 41. Qe3 Rd4 42. Rf6 Nc6 43. Kg1 Rxg4+ 44. Kh1 Nd4 45. Bd3 Rxf1+ 46. Bxf1 Rh4 47. Qg3 Qh6 48. Bd3 Rh3 49. Bxg6 Qc1+ 50. Qg1 Qxg1+ 51. Kxg1 fxg6 52. Rxg6+ Kf7 53. Rg4 Nxb3 54. Kg2 Re3 55. Rg5 Nd2 56. h4 Nxc4 0-1

[Event "Pan American-ch U20 Girls"]
[Site "Guatape"]
[Date "2016.06.22"]
[Round "4"]
[White "Loaiza, Yurani"]
[Black "Cespedes Galindo, Estefania"]
[Result "1-0"]
[WhiteElo "1962"]
[BlackElo "1713"]
[PlyCount "83"]
[EventDate "2016.06.20"]
[EventType "swiss"]
[EventRounds "9"]
[EventCountry "COL"]
[SourceTitle "EXT 2017"]
[Source "ChessBase"]
[SourceDate "2016.10.25"]
[SourceVersion "1"]
[SourceVersionDate "2016.10.25"]
[SourceQuality "1"]

1. d4 Nf6 2. c4 e6 3. Nf3 Bb4+ 4. Bd2 a5 5. g3 d6 6. Nc3 Nbd7 7. Bg2 0-0 8. 0-0 Re8 9. Qc2 c6 10. e4 e5 11. Rfe1 Qc7 12. Rac1 exd4 13. Nxd4 Ne5 14. Nce2 Bc5 15. Nb3 Bb4 16. Nbd4 Bc5 17. h3 Qb6 18. Be3 Be6 19. b3 a4 20. Rb1 axb3 21. axb3 Qa5 22. f4 Qb6 23. b4 Nxc4 24. bxc5 Nxe3 25. Rxb6 Nxc2 26. Nxc2 Ra2 27. Ncd4 Bc4 28. Nc3 Ra3 29. Nde2 Nd7 30. Rxb7 Nxc5 31. Rb4 Bxe2 32. Nxe2 Nd3 33. Reb1 Nxb4 34. Rxb4 c5 35. Rb6 Rd8 36. Rc6 f6 37. Kf2 Ra2 38. Ke3 f5 39. Kf2 fxe4 40. Bxe4 d5 41. Bf5 d4 42. Be6+ 1-0

[Event "Pan American-ch U20 Girls"]
[Site "Guatape"]
[Date "2016.06.22"]
[Round "5"]
[White "Sanchez Zambrano, Vanessa"]
[Black "Loaiza, Yurani"]
[Result "0-1"]
[WhiteElo "1909"]
[BlackElo "1962"]
[PlyCount "87"]
[EventDate "2016.06.20"]
[EventType "swiss"]
[EventRounds "9"]
[EventCountry "COL"]
[SourceTitle "EXT 2017"]
[Source "ChessBase"]
[SourceDate "2016.10.25"]
[SourceVersion "1"]
[SourceVersionDate "2016.10.25"]
[SourceQuality "1"]

1. d4 d5 2. Nf3 c6 3. c4 e6 4. e3 f5 5. Be2 Nf6 6. 0-0 Bd6 7. b3 Nbd7 8. Ba3 Bxa3 9. Nxa3 0-0 10. Nc2 Ne4 11. Nb4 g5 12. Nd3 g4 13. Nfe5 Qg5 14. Qc1 Qh4 15. f3 g3 16. h3 Ng5 17. Qd2 Rf6 18. Rfe1 Nxe5 19. Nxe5 b6 20. Bd3 Bb7 21. cxd5 exd5 22. Rac1 Rd8 23. f4 Nf7 24. b4 Nxe5 25. fxe5 Rff8 26. Rf1 Qg5 27. Rf4 Rde8 28. h4 Qg6 29. Qc2 Bc8 30. Qxc6 Be6 31. Ba6 Rc8 32. Bxc8 Rxc8 33. Qxc8+ Bxc8 34. Rxc8+ Kg7 35. b5 Qh5 36. Rc7+ Kf8 37. Rc6 Qe2 38. Rxf5+ Ke8 39. Re6+ Kd7 40. Rd6+ Ke7 41. Rdf6 Qe1+ 42. Rf1 Qxe3+ 43. Kh1 Qxd4 44. R6f5 0-1

[Event "Pan American-ch U20 Girls"]
[Site "Guatape"]
[Date "2016.06.21"]
[Round "2"]
[White "Loaiza, Yurani"]
[Black "Eswaran, Ashritha"]
[Result "1/2-1/2"]
[WhiteElo "1962"]
[BlackElo "2261"]
[PlyCount "106"]
[EventDate "2016.06.20"]
[EventType "swiss"]
[EventRounds "9"]
[EventCountry "COL"]
[SourceTitle "EXT 2017"]
[Source "ChessBase"]
[SourceDate "2016.10.25"]
[SourceVersion "1"]
[SourceVersionDate "2016.10.25"]
[SourceQuality "1"]

1. Nf3 Nf6 2. c4 e6 3. g3 d5 4. d4 c6 5. Qc2 Bd6 6. Bg2 Nbd7 7. 0-0 0-0 8. b3 Qe7 9. Bb2 dxc4 10. Qxc4 e5 11. dxe5 Nxe5 12. Qd4 Ng6 13. Nc3 Bc5 14. Qd2 Rd8 15. Qc2 Bg4 16. Rfd1 Bxf3 17. Bxf3 Ne5 18. Ne4 Nxf3+ 19. exf3 Nxe4 20. fxe4 a5 21. Qc3 f6 22. Rac1 Bb4 23. Qc4+ Qf7 24. Qxf7+ Kxf7 25. Kf1 a4 26. a3 Bd6 27. b4 Ke6 28. Ke2 Be5 29. Bxe5 fxe5 30. f4 g6 31. Ke3 exf4+ 32. gxf4 Rxd1 33. Rxd1 Rc8 34. Rd4 b5 35. e5 c5 36. Rd6+ Ke7 37. bxc5 Rxc5 38. Kd3 Rc4 39. Rd4 Rc1 40. Rb4 Ra1 41. Rxb5 Rxa3+ 42. Ke4 Rh3 43. Ra5 a3 44. Ra7+ Ke6 45. Ra6+ Ke7 46. Ra7+ Kd8 47. Kd5 Rxh2 48. Rxa3 h5 49. Kd6 Rd2+ 50. Ke6 Rf2 51. Kf6 Rxf4+ 52. Kxg6 h4 53. Kg5 Rf1 1/2-1/2

[Event "COL-ch pre olympic (Women)"]
[Site "Antioquia"]
[Date "2016.06.17"]
[Round "9"]
[White "Loaiza, Yurani"]
[Black "Herrera, Milena"]
[Result "0-1"]
[WhiteElo "1962"]
[BlackElo "2076"]
[PlyCount "70"]
[EventDate "2016.06.11"]
[EventType "tourn"]
[EventRounds "11"]
[EventCountry "COL"]
[SourceTitle "CBM 173 Extra"]
[Source "ChessBase"]
[SourceDate "2016.08.29"]
[SourceVersion "1"]
[SourceVersionDate "2016.08.29"]
[SourceQuality "1"]

1. e4 c5 2. Nf3 e6 3. d4 cxd4 4. Nxd4 a6 5. Bd3 Nf6 6. 0-0 Qc7 7. Qe2 d6 8. c4 Nbd7 9. Nc3 Be7 10. f4 b6 11. Be3 0-0 12. Rac1 Re8 13. b4 Bb7 14. Nb3 Rac8 15. a4 Qb8 16. a5 d5 17. e5 dxc4 18. Bxc4 Nd5 19. Nxd5 exd5 20. Bxa6 Bxa6 21. Qxa6 bxa5 22. Nxa5 Rxc1 23. Rxc1 Qxb4 24. Nc6 Qa3 25. Nxe7+ Qxe7 26. Rc7 Qb4 27. Qa1 Nf8 28. Qc3 Qe4 29. Kf2 Ra8 30. Qb3 Ne6 31. Rxf7 d4 32. Re7 dxe3+ 33. Kg3 Qxf4+ 34. Kh3 Qf5+ 35. Kg3 Qg5+ 0-1

[Event "COL-ch pre olympic (Women)"]
[Site "Antioquia"]
[Date "2016.06.14"]
[Round "5"]
[White "Mateus, Martha"]
[Black "Loaiza, Yurani"]
[Result "1/2-1/2"]
[WhiteElo "2162"]
[BlackElo "1962"]
[PlyCount "136"]
[EventDate "2016.06.11"]
[EventType "tourn"]
[EventRounds "11"]
[EventCountry "COL"]
[SourceTitle "CBM 173 Extra"]
[Source "ChessBase"]
[SourceDate "2016.08.29"]
[SourceVersion "1"]
[SourceVersionDate "2016.08.29"]
[SourceQuality "1"]

1. d4 d5 2. Nc3 Bf5 3. f3 e6 4. e4 Bg6 5. Be3 Bb4 6. exd5 exd5 7. Qd2 Ne7 8. 0-0-0 Nbc6 9. Nge2 Qd7 10. h4 h5 11. Nf4 Bf5 12. Nxh5 Rxh5 13. g4 Rh8 14. gxf5 Nxf5 15. Bh3 Nce7 16. Rdg1 Qc6 17. Bg5 f6 18. Re1 Kf7 19. Qd3 Qc4 20. Bxf5 Qxd3 21. Be6+ Kg6 22. cxd3 fxg5 23. h5+ Kf6 24. Bg4 Rad8 25. Kc2 Nc6 26. Kb3 Ba5 27. Re6+ Kf7 28. Rg6 Nxd4+ 29. Ka4 Bb6 30. Rxg5 c6 31. Re1 Rde8 32. Rxe8 Rxe8 33. h6 gxh6 34. Bh5+ Kf8 35. Rg6 Re6 36. Rxe6 Nxe6 37. Ne2 Nc5+ 38. Kb4 Nxd3+ 39. Kc3 Ne5 40. f4 Nf7 41. Kd3 Ke7 42. Ng3 Kf6 43. Bg4 Nd6 44. b3 Bf2 45. Ne2 Kg6 46. Nc3 h5 47. Bd7 h4 48. Ke2 Bd4 49. Nd1 c5 50. Be6 Kf6 51. Bxd5 Kf5 52. Kf3 a6 53. a4 a5 54. Bg8 b5 55. axb5 Nxb5 56. Bh7+ Ke6 57. Kg4 Bf6 58. Ne3 Nd6 59. Ng2 Kf7 60. Nxh4 Bxh4 61. Kxh4 c4 62. bxc4 Nxc4 63. Kg5 Ne3 64. Bb1 a4 65. Ba2+ Kf8 66. Kf6 Nd1 67. Ke5 Nc3 68. Bc4 a3 1/2-1/2

[Event "COL pre olympic sf"]
[Site "Bogota"]
[Date "2016.05.30"]
[Round "9"]
[White "Gutierrez, Ramon"]
[Black "Loaiza, Yurani"]
[Result "1-0"]
[WhiteElo "2146"]
[BlackElo "1962"]
[PlyCount "91"]
[EventDate "2016.05.25"]
[EventType "swiss"]
[EventRounds "9"]
[EventCountry "COL"]
[SourceTitle "CBM 172 Extra"]
[Source "ChessBase"]
[SourceDate "2016.06.21"]
[SourceVersion "1"]
[SourceVersionDate "2016.06.21"]
[SourceQuality "1"]

1. e4 e5 2. Nf3 Nf6 3. Nxe5 d6 4. Nf3 Nxe4 5. Nc3 Nxc3 6. dxc3 Be7 7. Bd3 Be6 8. Bf4 Nc6 9. Nd4 Qd7 10. Bb5 a6 11. Ba4 0-0 12. 0-0 Bf6 13. Re1 Bd5 14. Qh5 Bc4 15. Bxc6 bxc6 16. Re3 g6 17. Qh6 Bg7 18. Qh4 Rfe8 19. Rae1 Rxe3 20. Bxe3 Bd5 21. Ne2 Re8 22. Qa4 Qf5 23. Ng3 Qd7 24. Qxa6 c5 25. Bd2 Ra8 26. Qe2 Be6 27. a3 Qa4 28. Bc1 Re8 29. Qd1 h5 30. h3 h4 31. Re4 Qc6 32. Rxh4 Bd5 33. Qf1 Bxg2 34. Qxg2 Re1+ 35. Nf1 Qxg2+ 36. Kxg2 Rxc1 37. Ne3 Rb1 38. b3 Bxc3 39. Nd5 Bb2 40. a4 Rc1 41. Rc4 c6 42. Nb6 Bd4 43. a5 d5 44. Rxd4 cxd4 45. a6 Ra1 46. Na4 1-0

[Event "COL-ch U20 Girls"]
[Site "Medellin"]
[Date "2016.03.17"]
[Round "2"]
[White "Cardoso Cardoso, Jaidy Marcela"]
[Black "Loaiza, Yurani"]
[Result "0-1"]
[WhiteElo "1790"]
[BlackElo "1939"]
[PlyCount "58"]
[EventDate "2016.03.16"]
[EventType "swiss"]
[EventRounds "7"]
[EventCountry "COL"]
[SourceTitle "CBM 171 Extra"]
[Source "ChessBase"]
[SourceDate "2016.04.26"]
[SourceVersion "1"]
[SourceVersionDate "2016.04.26"]
[SourceQuality "1"]

1. d4 d5 2. Nf3 Nf6 3. c4 dxc4 4. e3 e6 5. Bxc4 c5 6. 0-0 a6 7. e4 Nxe4 8. d5 exd5 9. Bxd5 Nd6 10. Ng5 Be7 11. Qh5 Rf8 12. Nxh7 Rh8 13. Nf6+ Bxf6 14. Qxh8+ Ke7 15. Re1+ Be6 16. Qxd8+ Kxd8 17. Bxe6 fxe6 18. Rxe6 Kd7 19. Re2 Nc6 20. Nc3 Nd4 21. Rd2 Kc6 22. Ne2 Ne4 23. Nxd4+ cxd4 24. Re2 Kd5 25. f3 Nc5 26. Rb1 d3 27. Re1 Bd4+ 28. Be3 d2 29. Re2 Re8 0-1

[Event "Pan American-ch U18 Girls"]
[Site "Oaxtepec"]
[Date "2014.07.15"]
[Round "8"]
[White "Brizzi, Milagros Tatiana"]
[Black "Loaiza, Yurani"]
[Result "1-0"]
[WhiteElo "1915"]
[BlackElo "1964"]
[PlyCount "67"]
[EventDate "2014.07.11"]
[EventType "swiss"]
[EventRounds "9"]
[EventCountry "MEX"]
[SourceTitle "EXT 2022"]
[Source "ChessBase"]
[SourceDate "2021.10.06"]
[SourceVersion "1"]
[SourceVersionDate "2021.10.06"]
[SourceQuality "1"]

1. e4 e6 2. d3 d5 3. Nd2 c5 4. Ngf3 Nc6 5. g3 Bd6 6. Bg2 Nge7 7. 0-0 0-0 8. c3 d4 9. Nc4 Qc7 10. a4 e5 11. Nfd2 Be6 12. Nxd6 Qxd6 13. Nc4 Qc7 14. f4 f6 15. f5 Bd7 16. h4 b6 17. g4 Kh8 18. g5 a6 19. Qh5 Ng8 20. Nd2 Qd6 21. Nf3 dxc3 22. bxc3 Qxd3 23. g6 h6 24. Nh2 Qd6 25. Ng4 Qe7 26. Rf3 Rfd8 27. Rg3 Be8 28. Nxh6 gxh6 29. Bxh6 Nxh6 30. Qxh6+ Kg8 31. g7 Bd7 32. Qh8+ Kf7 33. g8Q+ Rxg8 34. Qh7+ 1-0

[Event "Pan American-ch U18 Girls"]
[Site "Oaxtepec"]
[Date "2014.07.14"]
[Round "5"]
[White "Loaiza, Yurani"]
[Black "Zayas Gonzalez, Laura Amalia"]
[Result "0-1"]
[WhiteElo "1964"]
[BlackElo "2068"]
[PlyCount "74"]
[EventDate "2014.07.11"]
[EventType "swiss"]
[EventRounds "9"]
[EventCountry "MEX"]
[SourceTitle "EXT 2022"]
[Source "ChessBase"]
[SourceDate "2021.10.06"]
[SourceVersion "1"]
[SourceVersionDate "2021.10.06"]
[SourceQuality "1"]

1. e4 e6 2. d4 d5 3. exd5 exd5 4. Qf3 Bd6 5. Bd3 Nc6 6. c3 Nge7 7. Ne2 Be6 8. Bf4 Qd7 9. Bxd6 Qxd6 10. Nd2 0-0-0 11. Nb3 h5 12. h3 Kb8 13. 0-0-0 Bc8 14. Ng3 g6 15. Rhe1 f5 16. Ne2 h4 17. Nc5 g5 18. Qe3 f4 19. Qd2 f3 20. gxf3 Bxh3 21. Qxg5 Rdg8 22. Qe3 Bg2 23. Nf4 h3 24. Nxg2 Rxg2 25. f4 b6 26. Ne6 h2 27. Ng5 Qf6 28. Kb1 Rh4 29. Ne6 Qh6 30. Rh1 Rhg4 31. Rde1 Rg1 32. Qc1 Rxh1 33. Rxh1 Qxe6 34. Rxh2 Qf6 35. f5 Nxf5 36. Qh1 Nce7 37. Ba6 Qg6 0-1

[Event "COL-ch U18"]
[Site "Cali"]
[Date "2014.04.04"]
[Round "3"]
[White "Rodriguez, Sofia"]
[Black "Loaiza, Yurani"]
[Result "0-1"]
[WhiteElo "1795"]
[BlackElo "1957"]
[PlyCount "80"]
[EventDate "2014.04.03"]
[EventType "swiss"]
[EventRounds "7"]
[EventCountry "COL"]
[SourceTitle "CBM 159 Extra"]
[Source "ChessBase"]
[SourceDate "2014.04.24"]
[SourceVersion "1"]
[SourceVersionDate "2014.04.24"]
[SourceQuality "1"]

1. e4 e6 2. d4 d5 3. Nd2 c5 4. exd5 Qxd5 5. dxc5 Bxc5 6. Ngf3 Nf6 7. Bc4 Qh5 8. 0-0 0-0 9. Qe2 Nc6 10. Ne4 Bb6 11. Ng3 Qg4 12. Bb3 Nd4 13. Nxd4 Bxd4 14. Rd1 e5 15. c3 Qxe2 16. Nxe2 Bc5 17. Ng3 Bg4 18. Re1 Rfe8 19. Be3 Rac8 20. Bxc5 Rxc5 21. Ne4 Nxe4 22. Rxe4 Bf5 23. Ree1 e4 24. Rad1 Kf8 25. Re3 Rce5 26. Rd4 Bc8 27. h3 f5 28. Re1 g5 29. Bd5 Kg7 30. Re3 Kf6 31. c4 R5e7 32. b4 Rd8 33. Re1 Be6 34. Red1 Red7 35. Kf1 Ke5 36. Ke2 b5 37. R4d2 bxc4 38. Bxe6 Rxd2+ 39. Rxd2 Rxd2+ 40. Kxd2 Kxe6 0-1

[Event "COL-ch U20 Girls"]
[Site "Bogota"]
[Date "2014.03.13"]
[Round "1"]
[White "Loaiza, Yurani"]
[Black "Cardoso Cardoso, Jaidy Marcela"]
[Result "1-0"]
[WhiteElo "1949"]
[BlackElo "1676"]
[PlyCount "88"]
[EventDate "2014.03.13"]
[EventType "swiss"]
[EventRounds "7"]
[EventCountry "COL"]
[SourceTitle "CBM 159 Extra"]
[Source "ChessBase"]
[SourceDate "2014.04.24"]
[SourceVersion "1"]
[SourceVersionDate "2014.04.24"]
[SourceQuality "1"]

1. e4 c5 2. Nf3 Nc6 3. Bb5 g6 4. 0-0 Bg7 5. Re1 Nf6 6. c3 0-0 7. d4 d6 8. Bxc6 bxc6 9. dxc5 dxc5 10. Qc2 Qc7 11. Be3 c4 12. Nbd2 Ba6 13. Bc5 Rfd8 14. Rad1 Rd3 15. Bd4 Rd8 16. Ne5 c5 17. Nxd3 cxd3 18. Qa4 cxd4 19. Qxa6 dxc3 20. bxc3 Qxc3 21. Qc4 Qc2 22. Qb3 Qc5 23. h3 Bh6 24. Nf3 d2 25. Re2 e5 26. Kf1 Rd6 27. Nxd2 Bxd2 28. Rexd2 Rxd2 29. Rxd2 Nxe4 30. Rc2 Qd4 31. Kg1 Kg7 32. Qc4 Qd1+ 33. Kh2 Nf6 34. Re2 Qd6 35. Qc3 Nd7 36. Rd2 Qe6 37. Qc7 Nf6 38. Qxa7 Ne4 39. Rb2 Qf6 40. Qe3 Nd6 41. Rb6 Qe7 42. Qc5 Nf5 43. Qxe7 Nxe7 44. a4 f5 1-0

[Event "COL-ch sf (Women)"]
[Site "Medellin"]
[Date "2014.??.??"]
[Round "4"]
[White "Rosado Perez, Maria Jose"]
[Black "Loaiza, Yurani"]
[Result "0-1"]
[WhiteElo "1815"]
[BlackElo "1957"]
[PlyCount "36"]
[EventDate "2014.04.15"]
[EventType "swiss"]
[EventRounds "9"]
[EventCountry "COL"]
[SourceTitle "CBM 160 Extra"]
[Source "ChessBase"]
[SourceDate "2014.07.01"]
[SourceVersion "1"]
[SourceVersionDate "2014.07.01"]
[SourceQuality "1"]

1. e4 e6 2. d4 d5 3. exd5 exd5 4. Bd3 c5 5. dxc5 Bxc5 6. Qe2+ Ne7 7. Nf3 Nbc6 8. 0-0 0-0 9. c3 Bf5 10. Bxf5 Nxf5 11. Bg5 Qd7 12. Nbd2 h6 13. Nb3 Bb6 14. Bf4 Rfe8 15. Qd3 Re4 16. Bd2 Rae8 17. Rfe1 Qe6 18. Rxe4 dxe4 0-1

[Event "Pan American-ch U20 Girls"]
[Site "Bogota"]
[Date "2013.07.12"]
[Round "5"]
[White "Chirivi Castiblanco, Angie Lizeth"]
[Black "Loaiza, Yurani"]
[Result "1-0"]
[WhiteElo "2032"]
[BlackElo "1947"]
[PlyCount "75"]
[EventDate "2013.07.10"]
[EventType "swiss"]
[EventRounds "9"]
[EventCountry "COL"]
[SourceTitle "CBM 155 Extra"]
[Source "ChessBase"]
[SourceDate "2013.08.26"]
[SourceVersion "1"]
[SourceVersionDate "2013.08.26"]
[SourceQuality "1"]

1. e4 e6 2. d4 d5 3. e5 c5 4. c3 Qb6 5. Nf3 Bd7 6. Bd3 cxd4 7. cxd4 Bb5 8. 0-0 Bxd3 9. Qxd3 Ne7 10. b3 Qa6 11. Qd1 Nf5 12. a4 Nc6 13. Nc3 Qb6 14. Ne2 Bb4 15. Ba3 Rc8 16. Bxb4 Qxb4 17. Rc1 0-0 18. g4 Nfe7 19. Qd3 Na5 20. Rb1 h6 21. h4 Rc7 22. h5 Rfc8 23. g5 Nf5 24. Kh2 Kf8 25. Rg1 Ke8 26. g6 a6 27. gxf7+ Rxf7 28. Rg6 Qe7 29. Nf4 Nh4 30. Rxe6 Nxf3+ 31. Kg3 Qxe6 32. Nxe6 Ke7 33. Nf4 Ng5 34. Nxd5+ Ke8 35. f4 Ne6 36. Qg6 Nxd4 37. e6 Nf5+ 38. Kh3 1-0

[Event "COL-ch (Women)"]
[Site "Ibague"]
[Date "2013.07.04"]
[Round "6"]
[White "Loaiza, Yurani"]
[Black "Velez, Laura Camila"]
[Result "0-1"]
[WhiteElo "1947"]
[BlackElo "1774"]
[PlyCount "70"]
[EventDate "2013.07.01"]
[EventType "swiss"]
[EventRounds "9"]
[EventCountry "COL"]
[SourceTitle "EXT 2014"]
[Source "ChessBase"]
[SourceDate "2013.11.20"]
[SourceVersion "1"]
[SourceVersionDate "2013.11.20"]
[SourceQuality "1"]

1. d4 Nf6 2. c4 d6 3. Nc3 g6 4. e4 Bg7 5. Bd3 0-0 6. Nge2 Nbd7 7. 0-0 e5 8. d5 Nc5 9. Bc2 a5 10. Rb1 Ne8 11. a3 f5 12. exf5 gxf5 13. f4 Qh4 14. Be3 Nf6 15. h3 Nh5 16. fxe5 Bxe5 17. Bd4 f4 18. Rf3 Bd7 19. b4 Ng3 20. bxc5 Bxh3 21. Bxe5 dxe5 22. Nxg3 fxg3 23. Ne4 Bg4 24. Rxg3 Qxg3 25. Nxg3 Bxd1 26. Rxd1 Rf4 27. Ne4 Raf8 28. Bd3 h5 29. Rb1 h4 30. Rf1 Rxf1+ 31. Bxf1 Rf4 32. Bd3 Kf7 33. d6 Ke6 34. dxc7 Kd7 35. Nf6+ Rxf6 0-1